Fill the Blanks - Mobile Games - Statistics

General Stats
  • This quiz has been taken 11 times
  • The average score is 7 of 15
Answer Stats
Random Media Sounds Comments and Name Lines % Correct
{Roblox} Powering Imagination.
100%
New {Angry Birds} Go Jenga, Pirate Pig Attack!
83%
Playing {Minecraft} Speedrun Be Like..
83%
{Free Fire} Mobile Battle Gameplay
50%
Imagine Noob Raging at {Brawl Stars} lamo
50%
My favourite game is {Fortnite}
50%
When I play {Geometry Dash} be like:
50%
How to Cheat {UNO} Cards
33%
How to make Life in {Little Alchemy} Walkthrough
33%
Mario plays {Five Nights at Freddy's}
33%
Newground's {Friday Night Funkin'} Walkthrough
33%
Top {Chess}
33%
Nickelodeon {SpongeBob Game Frenzy} Walkthrough
17%
{PUBG Mobile} Gameplay Funny Momments
17%
Ubisoft's {Growtopia} Trailer
17%
No matching quizzes found
Score Distribution
Percent of People with Each Score
Percentile by Number Answered
Your Score History
You have not taken this quiz